000 00813nam a2200229Ia 4500
999 _c47204
_d47204
001 14064
003 GE_BSU
005 20200205132100.0
008 181216s1961||||ge |||||||||||||| ||geo||
040 _cGE_BSU
041 _ageo
080 _a821.353.1 გ-85
100 _aგრიშაშვილი, იოსებ
_96813
245 _aთხზულებათა კრებული ხუთ ტომად : ტომი 1 :
_bლექსები /
_cიოსებ გრიშაშვილი.
260 _aთბილისი
260 _bსაბჭოთა საქართველო
260 _c1961
300 _a405 გვ. ;
_c22 სმ.
653 _aთხზულებათა კრებული
653 _aლექსები
942 _cBK
_2udc